000 00752nam a2200241 a 4500
001 73656
003 BD-RjUL
005 20211209082425.0
008 170606r19611956nyua 001 0 eng d
035 _a(BD-RjUL)73874
040 _aDLC
_cODaWU
_dOCoLC
_dUk
_dDLC
_dBD-RjUL
_beng
041 _aeng
082 _a547
_223
_bFIO 1961
100 1 _aFieser, Louis F.
_q(Louis Frederick),
_d1899-1977.
_9218022
245 1 0 _aOrganic chemistry /
_cLouis F. Fieser and Mary Fieser.
250 _a3d ed.
260 _aNew York :
_bReinhold,
_cc1956 [Printing 1961]
300 _a1112 p. :
_bill. ;
_c25 cm.
500 _aIncludes index.
650 0 _aChemistry, Organic.
_9218023
700 1 _aFieser, Mary,
_d1909-1997,
_ejoint author.
_9218024
942 _2ddc
_cBK
999 _c73656
_d73656